| 000 | 00904nam a2200229Ia 4500 | ||
|---|---|---|---|
| 999 |
_c36413 _d36413 |
||
| 001 | 2327 | ||
| 003 | GE_BSU | ||
| 005 | 20190603151019.0 | ||
| 008 | 181216s2011||||ge |||||||||||||| ||geo|| | ||
| 020 | _a978941920134 | ||
| 040 | _cGE_BSU | ||
| 041 | _ageo | ||
| 080 | _a821.353.1 მ–14 | ||
| 100 |
_aმაზმიშვილი, დალი _91977 |
||
| 245 |
_aჩემი ტაო–კლარჯეთი : _bლექსები / _cდალი მაზმიშვილი ; რედ. შუშანა ფუტკარაძე. |
||
| 264 |
_aთბილისი : _bუსტარი, _c2011. |
||
| 300 |
_a64 გვ.: _b21 სმ. |
||
| 653 | _aტაო-კლარჯეთი | ||
| 653 | _aმხატვრული ლიტერატურა | ||
| 700 |
_aფუტკარაძე, შუშანა _eრედაქტორი _91978 |
||
| 942 |
_cBK _2udc |
||